000
00263nam a2200109 a 4500
008
101208s1968|||| d
245
1
0
_a
Film a diafilm vo vzučovaní zemepisu
260
_b
SPN
_a
Bratislava
_c
1968
020
_c
14
041
_a
slo
044
_a
xo
_c
SK
999
_c
14935
_d
14935